000 00333nam a22001337a 4500
008 181022b xxu||||| |||| 00| 0 eng d
020 _a9780536910899
041 _aeng
080 _a370
100 _a38
101 _aedu
245 _aContemporary International Problems International Relations
_cRobert.p
942 _2udc
_cBK
999 _c50428
_d50428